[Event "TCh-FRA Top 16 GpA 2022"]
[Site "Chartres FRA"]
[Date "2022.06.15"]
[Round "7.4"]
[Board "6"]
[White "Shchekachev, Andrei"]
[Black "Mendeiros, Jerome"]
[Result "1-0"]
[WhiteTitle "GM"]
[WhiteElo "2507"]
[BlackElo "2097"]
[WhiteTeam "Tremblay en France"]
[BlackTeam "Club 608 d'Echecs Paris"]
[WhiteFideId "4107730"]
[BlackFideId "607975"]
[EventDate "2022.06.09"]

1. Nf3 d5 2. d4 Nf6 3. c4 c6 4. Nc3 e6 5. e3 Nbd7 6. Be2 Bd6 7. O-O O-O 8. b3 b6
9. Bb2 Bb7 10. Bd3 Qe7 11. Re1 Rfe8 12. a4 a5 13. Qc2 Bb4 14. Red1 Rac8 15. Qe2
g6 16. e4 dxe4 17. Nxe4 Nxe4 18. Bxe4 Qf8 19. Ne5 Red8 20. h4 Be7 21. g3 Ba8 22.
Bf3 Bf6 23. c5 Nxe5 24. dxe5 Be7 25. cxb6 Bc5 26. Qa6 Rb8 27. Qxa5 Bxb6 28. Qc3
Qc5 29. Rxd8+ Rxd8 30. Qxc5 Bxc5 31. Rc1 Bxf2+ 32. Kxf2 Rd2+ 33. Ke3 Rxb2 34.
Rc3 Kf8 35. Kd4 1-0